Pozycja Topical Term
Liczba rekordów, w których użyto hasła: 1
001 - Numer kontrolny
- control field: 40863
003 - Identyfikator numeru kontrolnego
- control field: NUKAT
005 - Data i czas ostatniej modyfikacji
- control field: 20260429121629.0
008 - Dane kontrolne kodowane (40 znaków)
- fixed length control field: 980703 ||a|znnbabn |a ana |c
010 ## - Numer kontrolny Biblioteki Kongresu
- numer kontrolny LC: s 98054913
040 ## - Instytucja sporządzająca rekord
- inst. przygot. dane do rek. khw: LUBL KUL/GW
- język haseł przedmiotowych/tezaurus: kaba
- inst. wprow. rek. khw: WA U/BR
083 #4 - DEWEY DECIMAL CLASSIFICATION NUMBER
- pojed. symbol lub pocz. z zakr. symboli: 943.8
- określenie wyjaśniające: Historia Polski
083 #4 - DEWEY DECIMAL CLASSIFICATION NUMBER
- pojed. symbol lub pocz. z zakr. symboli: 200
- określenie wyjaśniające: Religia
150 ## - Hasło - nazwa pospolita
- nazwa posp. lub nazwa geogr. na pocz.: Tysiąclecie chrztu Polski (966-1966).
450 ## - Trop zob. - nazwa pospolita
- nazwa posp. lub nazwa geogr. na pocz.: Chrzest Polski, Tysiąclecie (966-1966).
450 ## - Trop zob. - nazwa pospolita
- nazwa posp. lub nazwa geogr. na pocz.: Millenium chrześcijaństwa w Polsce (966-1966).
450 ## - Trop zob. - nazwa pospolita
- nazwa posp. lub nazwa geogr. na pocz.: Millenium chrztu Polski (966-1966).
450 ## - Trop zob. - nazwa pospolita
- nazwa posp. lub nazwa geogr. na pocz.: Tysiąclecie chrześcijaństwa w Polsce (966-1966).
450 ## - Trop zob. - nazwa pospolita
- nazwa posp. lub nazwa geogr. na pocz.: Tysiąclecie chrześcijaństwa Polski (966-1966)
550 ## - Trop zob. też - nazwa pospolita
- nazwa posp. lub nazwa geogr. na pocz.: Peregrynacja obrazu Matki Bożej Częstochowskiej.
550 ## - Trop zob. też - nazwa pospolita
- nazwa posp. lub nazwa geogr. na pocz.: Tysiąclecie Państwa Polskiego (966-1966).
550 ## - Trop zob. też - nazwa pospolita
- nazwa posp. lub nazwa geogr. na pocz.: Wielka Nowenna (1957-1965).
551 ## - Trop zob. też - nazwa geograficzna
- nazwa geograficzna: Polska
- określnik rzeczowy: historia religijna.
670 ## - Źródło informacji
- źródło informacji: KABA